| 000 | 00542nam a2200193Ia 4500 | ||
|---|---|---|---|
| 008 | 140609s9999 xx 000 0 und d | ||
| 020 | _a9781119978916 | ||
| 050 |
_aQR 41.2 _b.H679 2013 |
||
| 100 | _aHogg, Stuart. | ||
| 245 |
_aEssential microbiology / _cStuart Hogg |
||
| 250 | _a2nd ed. | ||
| 260 |
_aChichester, West Sussex : _bWiley-Blackwell, _cc2013. |
||
| 300 |
_a511 p. : _bcol. ill. ; _c25 cm. |
||
| 500 | _aIncludes glossary and index. | ||
| 521 | _aNUR | ||
| 650 | _aMicrobiology. | ||
| 942 |
_kFOR _cBK |
||
| 999 |
_c117910 _d117910 |
||